Strategic Human Resource Management / (Record no. 364519)
[ view plain ]
| 000 -LEADER | |
|---|---|
| fixed length control field | 00545nam a2200133Ia 4500 |
| 008 - FIXED-LENGTH DATA ELEMENTS--GENERAL INFORMATION | |
| fixed length control field | 200928s9999 xx 000 0 und d |
| 020 ## - INTERNATIONAL STANDARD BOOK NUMBER | |
| International Standard Book Number | 978-971-9654-73-5 |
| 100 ## - MAIN ENTRY--PERSONAL NAME | |
| Personal name | Montoya, Rome Sherriff G. |
| 245 ## - TITLE STATEMENT | |
| Statement of responsibility, etc | Sherriff G. Montoya, Michael L. Dela Cruz, Jesie F. Sergote, Francis Banaag, Arvie Casas.-- |
| Title | Strategic Human Resource Management / |
| 260 ## - PUBLICATION, DISTRIBUTION, ETC. (IMPRINT) | |
| Place of publication, distribution, etc | Manila : |
| Name of publisher, distributor, etc | Unlimited Books Library Services & Publishing Inc. |
| Date of publication, distribution, etc | 2017 |
| 300 ## - PHYSICAL DESCRIPTION | |
| Extent | x , 191 pages : |
| Other physical details | illustrations ; |
| Dimensions | 23 cm. |
| 650 ## - SUBJECT ADDED ENTRY--TOPICAL TERM | |
| Topical term or geographic name as entry element | Personnel management |
| 650 ## - SUBJECT ADDED ENTRY--TOPICAL TERM | |
| Topical term or geographic name as entry element | Strategic planning |
| Withdrawn status | Lost status | Damaged status | Home library | Current library | Shelving location | Date acquired | Source of acquisition | Total Checkouts | Full call number | Barcode | Date last seen | Price effective from | Koha item type |
|---|---|---|---|---|---|---|---|---|---|---|---|---|---|
| College Library | College Library | Filipiniana Section | 09/28/2020 | Library Fund | HF 5549 .M798 2017 | C22628 | 09/28/2020 | 09/28/2020 | Books |